| 000 | 00409nam a22001577a 4500 | ||
|---|---|---|---|
| 999 |
_c3182 _d3182 |
||
| 008 | 200320b ||||| |||| 00| 0 eng d | ||
| 082 | 0 | 0 |
_a620.1 _bA565 |
| 100 |
_91295 _aAndrews, Ewart S. |
||
| 245 | 1 | 0 |
_aStrength of materials _cby Ewart S. Andrews |
| 250 | _a2nd ed | ||
| 260 |
_aLondon _bChapman & Hall _c1953 |
||
| 300 | _ax,608 p, ill | ||
| 365 | _d22.13 | ||
| 650 | 0 | _aStrength of Materials | |
| 942 | _cBK | ||